|
|
|
|
| LEADER |
00000nam0a2200000 4500 |
| 001 |
222882 |
| 005 |
20231101230504.0 |
| 010 |
|
|
|a 9785941783601
|
| 035 |
|
|
|a (RuTPU)RU\TPU\book\243112
|
| 090 |
|
|
|a 222882
|
| 100 |
|
|
|a 20121002d2013 m y0rusy50 ca
|
| 101 |
0 |
|
|a rus
|
| 102 |
|
|
|a RU
|
| 105 |
|
|
|a a j 001zy
|
| 200 |
1 |
|
|a Технология, оснащение и организация ремонтно-восстановительного производства
|e учебник
|f В. А. Горохов [и др.]
|g под ред. В. П. Иванова
|
| 210 |
|
|
|a Старый Оскол
|c ТНТ
|d 2013
|
| 215 |
|
|
|a 552 с.
|c ил.
|
| 320 |
|
|
|a Библиогр.: с. 548-551.
|
| 330 |
|
|
|a Рассмотрены функции и состав ремонтно-восстановительного производства. В технологической последовательности приведены основные технологические процессы превращения машины из предельного состояния в исправное с использованием передового ремонтно-восстановительного производства и современного оборудования. Особое внимание уделено восстановлению деталей на индустриальной основе с обеспечением улучшенных эксплуатационных свойств за счёт управления микрогеометрией и состоянием материала их поверхностного слоя. Организация производства представлена системой мер, обеспечивающей ритмичный выпуск отремонтированных изделий нормативного качества с минимальным расходом производственных ресурсов. Приведены меры безопасности ремонта и источники экономической эффективности ремонтно-восстановительного производства. Учебник предназначен для студентов вузов и колледжей, обучающихся по направлениям: «Автоматизация технологических процессов и производств», «Конструкторско-технологическое обеспечение машиностроительных производств» и изучающих основы капитального ремонта машин с восстановлением их деталей. Будет полезен работникам ремонтно-восстановительного производства предприятий народного хозяйства и слушателям систем повышения квалификации и переподготовки кадров.
|
| 606 |
1 |
|
|a Детали машин
|x Восстановление и ремонт
|2 stltpush
|3 (RuTPU)RU\TPU\subj\9146
|9 36424
|
| 610 |
1 |
|
|a машиностроение
|
| 610 |
1 |
|
|a ремонтно-восстановительное производство
|
| 610 |
1 |
|
|a машины
|
| 610 |
1 |
|
|a разборка
|
| 610 |
1 |
|
|a очистка
|
| 610 |
1 |
|
|a техническое состояние
|
| 610 |
1 |
|
|a сортировка
|
| 610 |
1 |
|
|a заготовки
|
| 610 |
1 |
|
|a обработка резанием
|
| 610 |
1 |
|
|a лезвийная обработка
|
| 610 |
1 |
|
|a формообразующая обработка
|
| 610 |
1 |
|
|a восстанавливаемые детали
|
| 610 |
1 |
|
|a поверхности
|
| 610 |
1 |
|
|a отделка
|
| 610 |
1 |
|
|a типовые детали
|
| 610 |
1 |
|
|a уравновешивание
|
| 610 |
1 |
|
|a комплектование
|
| 610 |
1 |
|
|a сборка
|
| 610 |
1 |
|
|a окрашивание
|
| 610 |
1 |
|
|a обкатка
|
| 610 |
1 |
|
|a испытание
|
| 610 |
1 |
|
|a ресурсосбережение
|
| 610 |
1 |
|
|a безопасность
|
| 610 |
1 |
|
|a восстановительные технологии
|
| 610 |
1 |
|
|a технико-экономическая эффективность
|
| 610 |
1 |
|
|a учебники
|
| 675 |
|
|
|a 621.81.004.67(075.8)
|v 3
|
| 701 |
|
1 |
|a Горохов
|b В. А.
|g Вадим Андреевич
|
| 701 |
|
1 |
|a Иванов
|b В. П.
|g Владимир Петрович
|
| 701 |
|
1 |
|a Схиртладзе
|b А. Г.
|g Александр Георгиевич
|
| 701 |
|
1 |
|a Борискин
|b В. П.
|g Владимир Петрович
|
| 702 |
|
1 |
|a Иванов
|b В. П.
|g Владимир Петрович
|4 340
|
| 801 |
|
1 |
|a RU
|b 63413507
|c 20121002
|
| 801 |
|
2 |
|a RU
|b 63413507
|c 20150617
|g RCR
|
| 900 |
|
|
|a Технология машиностроительного производства
|
| 942 |
|
|
|c BK
|
| 951 |
|
|
|b 220700
|b 151900
|
| 959 |
|
|
|a 123/20121002
|d 2
|e 0
|f ЧЗТЛ:1
|f АНЛ:1
|